| 000 | 00779nam a2200217 a 4500 | ||
|---|---|---|---|
| 001 | 000004195 | ||
| 005 | 20260120073949.0 | ||
| 008 | 090720s2007 dr 000 0 spa d | ||
| 040 |
_aDO-SdBNP _bspa _cBNPHU |
||
| 082 |
_a232 _bJ91j |
||
| 100 | 1 |
_aJuanes, Benigno _d1916-2009 _9442 |
|
| 245 | 1 | 0 |
_aJesús es el Señor : _b(De su conocimiento interno a la misión) / _cBenigno Juanes ; prólogo Francisco José Arnaiz. |
| 260 |
_aSanto Domingo : _bAmigo del hogar, _c2007. |
||
| 300 |
_a263 p. ; _c21 cm. |
||
| 490 | 1 |
_aGuiones para una vida en Cristo ; _n7 |
|
| 650 | 4 |
_aJesucristo _91304 |
|
| 650 | 0 |
_aVida espiritual _9268 |
|
| 650 | 4 |
_aRegeneración (teología) _912385 |
|
| 700 | 1 |
_aArnaiz, Francisco José, _epról. _96960 |
|
| 830 | 0 |
_aGuiones para una vida en Cristo ; _n7 _912386 |
|
| 999 |
_c4010 _d4010 |
||